Koncepcia kapitálovej primeranosti bánk a investičných podnikov v podmienkach Európskej únie

Príčiny, spôsob a miera implementovania jednotlivých požiadaviek Basel I a Basel II do smerníc EÚ, medzi nimi najmä smerníc pracovne označovaných ako OFD, SRD, CAD I, CAD II a CAD III. Význam medzinárodnej regulácie bánk a finančných inštitúcií. Reakcia Európskej únie na BASEL I.

Na minha lista:
Detalhes bibliográficos
Autor principal: Horvátová, Eva, 1958-
Formato: Capítulo de Livro
Idioma:eslovaco
Assuntos:
Tags: Adicionar Tag
Sem tags, seja o primeiro a adicionar uma tag!

MARC

LEADER 00000naa$a2200000$$$4500
001 0080821
005 20240502071919.2
041 0 |a slo 
044 |a SK 
245 1 0 |a Koncepcia kapitálovej primeranosti bánk a investičných podnikov v podmienkach Európskej únie  |c Eva Horvátová 
520 |a Príčiny, spôsob a miera implementovania jednotlivých požiadaviek Basel I a Basel II do smerníc EÚ, medzi nimi najmä smerníc pracovne označovaných ako OFD, SRD, CAD I, CAD II a CAD III. Význam medzinárodnej regulácie bánk a finančných inštitúcií. Reakcia Európskej únie na BASEL I. 
610 2 0 |a primeranosť kapitálová 
610 2 0 |a Európska únia 
610 2 0 |a organizácie finančné 
610 2 0 |a kapitál 
610 2 0 |a dohľad bankový 
610 2 0 |a riziko bankové 
610 2 0 |a portfólio 
610 2 0 |a regulácia 
100 1 |a Horvátová, Eva, 1958-